| 000 -LEADER |
| fixed length control field |
00567cam a22001697a 4500 |
| 008 - FIXED-LENGTH DATA ELEMENTS--GENERAL INFORMATION |
| fixed length control field |
180718b1999 xxu||||| |||| 00| 0 eng d |
| 020 ## - INTERNATIONAL STANDARD BOOK NUMBER |
| International Standard Book Number |
0700711430 |
| 082 ## - DEWEY DECIMAL CLASSIFICATION NUMBER |
| Classification number |
B142x54 R561/1999 |
| 100 ## - MAIN ENTRY--PERSONAL NAME |
| Personal name |
Robinson,Catherine A. |
| 245 ## - TITLE STATEMENT |
| Title |
Tradition and liberation: the Hindu tradition in the Indian women's movement |
| Statement of responsibility, etc. |
by Catherine A. Robinson |
| 260 ## - PUBLICATION, DISTRIBUTION, ETC. |
| Place of publication, distribution, etc. |
Quadrant |
| Name of publisher, distributor, etc. |
Curzon press |
| Date of publication, distribution, etc. |
1999 |
| 300 ## - PHYSICAL DESCRIPTION |
| Extent |
230p. |
| 440 ## - SERIES STATEMENT/ADDED ENTRY--TITLE |
| Title |
Curzon studies in Asian religion |
| 650 ## - SUBJECT ADDED ENTRY--TOPICAL TERM |
| Topical term or geographic name entry element |
Hinduism and social problems-India. |
| 650 ## - SUBJECT ADDED ENTRY--TOPICAL TERM |
| Topical term or geographic name entry element |
Feminism-India |
| 650 ## - SUBJECT ADDED ENTRY--TOPICAL TERM |
| Topical term or geographic name entry element |
Women and religion-India |